AU LIBRARIES
Centralized Library System Across Seven Campuses

Encyclopedia of Management (Record no. 7115)

MARC details
000 -LEADER
fixed length control field 00399nam a2200157Ia 4500
005 - DATE AND TIME OF LATEST TRANSACTION
control field 20251231105115.0
008 - FIXED-LENGTH DATA ELEMENTS--GENERAL INFORMATION
fixed length control field 251127s9999 xx 000 0 und d
020 ## - INTERNATIONAL STANDARD BOOK NUMBER
ISBN 1414406916 (hardcover) |
082 ## - DEWEY DECIMAL CLASSIFICATION NUMBER
Classification number 658.003
Author Mark SON-E
100 ## - MAIN ENTRY--AUTHOR
Author Name Sonya D. Hill
245 #0 - TITLE STATEMENT
Title Encyclopedia of Management
250 ## - EDITION STATEMENT
Edition statement 6th ed.
260 ## - PUBLICATION, DISTRIBUTION, ETC.
Place of Publication Detroit
Name of publisher, distributor, etc. Gale,
Date of publication, distribution, etc. 2009
650 ## - SUBJECT ADDED ENTRY--TOPICAL TERM
Subject / Department Management Sciences
942 ## - ADDED ENTRY ELEMENTS (KOHA)
Koha item type Book
Holdings
Withdrawn status Lost status Damaged status Not for loan Collection code Permanent Location Current Location Shelving Location Date acquired Source of acquisition Inventory number Full Call Number Accession No./Barcode Koha item type Public note
        Management Science Air University H-11 Campus Islamabad Air University H-11 Campus Islamabad Management Science 09/09/2014 Allied Book Company 7519 658.003 SON-E P8867 Book Program Relevancy: ; Course Relevancy: Management
Air University Sector E-9, Islamabad Pakistan
Email: librarian@au.edu.pk  Tel : +0092 51 9262612 Ext: 631